| 000 | 01039cam a2200349 i 4500 | ||
|---|---|---|---|
| 001 | 0000540 | ||
| 003 | DO-SdBNP | ||
| 005 | 20230427115559.0 | ||
| 007 | 0000540 | ||
| 008 | 100514s 2003 sp a || 000 f spa | ||
| 015 | _a | ||
| 017 |
_a _b |
||
| 020 | _a8489384444 | ||
| 035 | _a | ||
| 040 |
_aBPMSU _bspa _cBPMSU _e |
||
| 080 | _a | ||
| 082 | 4 |
_a306.8 _bT667c 2003 _222 |
|
| 100 | 1 | _aTonucci, Francesco | |
| 245 | 1 | 0 |
_aCuando los niños dicen ¡basta! / _cFrancesco Tonucci ; traducción Mario Merlino _h |
| 260 |
_aMadrid : _bFundación Germán Sánchez Ruipérez, _c2003. |
||
| 300 |
_a303 p.: _bil. _c23 m |
||
| 490 | 0 | _aEl árbol de la memoria | |
| 504 | _aBiografía p: 296-303 | ||
| 534 |
_aTítulo original : _tSe i bambini dicono: adesso basta! |
||
| 586 | _aPremio Doncel de biografía 1962 | ||
| 590 | _aInventariado,2023/VM | ||
| 650 | 4 | _aEducación de niños | |
| 650 | 4 | _aPadres e hijos | |
| 700 | 1 |
_aMerlino, Mario _d1948- _ttr. |
|
| 910 | _aVMateo V. Control de calidad (BPMSU) | ||
| 942 |
_2ddc _cBK |
||
| 999 |
_c10924 _d10924 |
||